[Event "Gelsenkirchen Silvester op 1st"]
[Site "Gelsenkirchen"]
[Date "2013.12.27"]
[Round "2"]
[White "Goeldenboog, Juergen"]
[Black "Coenen, Michael"]
[Result "0-1"]
[WhiteElo "1986"]
[BlackElo "2296"]
[PlyCount "76"]
[EventDate "2013.12.27"]
[EventType "swiss"]
[EventRounds "5"]
[EventCountry "GER"]
[SourceTitle "EXT 2019"]
[Source "ChessBase"]
[SourceDate "2018.10.10"]
[SourceVersion "1"]
[SourceVersionDate "2018.10.10"]
[SourceQuality "1"]

1. d4 Nf6 2. c4 g6 3. Nc3 d5 4. Nf3 Bg7 5. Qb3 dxc4 6. Qxc4 c6 7. e4 Nbd7 8. Be2 0-0 9. 0-0 Nb6 10. Qd3 Bg4 11. Be3 Qc7 12. Qc2 Rad8 13. Rad1 h6 14. Qc1 Kh7 15. e5 Nfd5 16. Ng5+ hxg5 17. Bxg4 f5 18. exf6 exf6 19. Ne4 Rde8 20. Qb1 Qe7 21. Nc5 f5 22. Bf3 Nxe3 23. Rfe1 Nxd1 24. Rxe7 Rxe7 25. Qxd1 Rfe8 26. Be4 fxe4 27. Nb3 e3 28. fxe3 Rxe3 29. Qg4 Re1+ 30. Kf2 Bf6 31. Qh3+ Kg7 32. Qd3 Nd5 33. Qc4 g4 34. Nc1 Nf4 35. Kg3 Rxc1 36. Qb3 Ne2+ 37. Kxg4 Re4+ 38. Kh3 Rh4# 0-1

[Event "Unna op"]
[Site "Unna"]
[Date "2012.12.28"]
[Round "3"]
[White "Goeldenboog, Juergen"]
[Black "Kemper, Georg"]
[Result "1-0"]
[WhiteElo "1981"]
[BlackElo "2012"]
[PlyCount "57"]
[EventDate "2012.12.27"]
[EventType "swiss"]
[EventRounds "7"]
[EventCountry "GER"]
[SourceTitle "CBM 152 Extra"]
[Source "ChessBase"]
[SourceDate "2013.02.25"]
[SourceVersion "1"]
[SourceVersionDate "2013.02.25"]
[SourceQuality "1"]

1. d4 e6 2. c4 f5 3. Nc3 Nf6 4. Bg5 Bb4 5. Nf3 0-0 6. g3 h6 7. Bd2 d5 8. Qb3 Be7 9. Bg2 c6 10. 0-0 Ne4 11. cxd5 exd5 12. Nxe4 fxe4 13. Ne5 Kh7 14. f3 exf3 15. Rxf3 Rxf3 16. Qxf3 Bf6 17. Qd3+ Kg8 18. Rf1 Nd7 19. Qg6 Qe7 20. Nxd7 Bxd4+ 21. e3 Bxe3+ 22. Bxe3 Qxe3+ 23. Kh1 Bxd7 24. Qf7+ Kh8 25. Qxd7 Qb6 26. b3 Qb4 27. Qf5 a5 28. Rf4 Qc3 29. Bf1 1-0

[Event "Recklinghaeuser op"]
[Site "Recklinghausen"]
[Date "2011.08.20"]
[Round "6"]
[White "Michalicek, Roland"]
[Black "Goeldenboog, Juergen"]
[Result "1-0"]
[WhiteElo "1937"]
[BlackElo "2026"]
[PlyCount "91"]
[EventDate "2011.08.15"]
[EventType "swiss"]
[EventRounds "7"]
[EventCountry "GER"]
[SourceTitle "CBM 144 Extra"]
[Source "ChessBase"]
[SourceDate "2011.10.28"]
[SourceVersion "1"]
[SourceVersionDate "2011.10.28"]
[SourceQuality "1"]

1. e4 c6 2. d4 d5 3. Nc3 dxe4 4. Nxe4 Nf6 5. Nxf6+ gxf6 6. g3 Qd5 7. Nf3 Bg4 8. Bg2 Qe4+ 9. Qe2 Qxe2+ 10. Kxe2 Nd7 11. Re1 0-0-0 12. Kf1 Nb6 13. Be3 e6 14. Nh4 f5 15. d5 cxd5 16. Bd4 Rg8 17. a4 Kb8 18. a5 Nd7 19. c4 Bc5 20. Bxc5 Nxc5 21. cxd5 f4 22. h3 Bh5 23. g4 Bg6 24. Nxg6 Rxg6 25. b4 Nd3 26. Red1 Nxb4 27. dxe6 Rxd1+ 28. Rxd1 Rxe6 29. Rd7 Nc6 30. a6 bxa6 31. Rxf7 h6 32. Rxf4 Kc7 33. Re4 Rxe4 34. Bxe4 a5 35. Bxc6 Kxc6 36. Ke2 Kd5 37. Kd3 Ke5 38. h4 a4 39. Kc3 a5 40. Kb2 Kf4 41. f3 Kxf3 42. g5 h5 43. g6 Kg4 44. g7 Kxh4 45. g8Q Kh3 46. Qg1 1-0

[Event "Nordhausen op 11th"]
[Site "Nordhausen"]
[Date "2011.08.06"]
[Round "5.11"]
[White "Goeldenboog, Juergen"]
[Black "Lotze, Andreas"]
[Result "1-0"]
[WhiteElo "2026"]
[BlackElo "1772"]
[PlyCount "56"]
[EventDate "2011.08.04"]
[EventType "swiss"]
[EventRounds "7"]
[EventCountry "GER"]
[SourceTitle "EXT 2019"]
[Source "ChessBase"]
[SourceDate "2018.10.10"]
[SourceVersion "1"]
[SourceVersionDate "2018.10.10"]
[SourceQuality "1"]

1. d4 d5 2. c4 c6 3. Nf3 Nf6 4. Nc3 dxc4 5. e4 b5 6. e5 Nd5 7. Bd2 e6 8. Ne4 Bb7 9. a4 a6 10. b3 cxb3 11. Qxb3 Be7 12. Bd3 Nd7 13. Rc1 b4 14. 0-0 a5 15. Rfe1 h6 16. Rc2 Kf8 17. Rec1 g6 18. g3 Kg7 19. h4 Rc8 20. Nh2 Ba8 21. Ng4 Bb7 22. Ne3 N7b6 23. Nc5 Ba8 24. Ba6 Rc7 25. Nc4 Nxc4 26. Bxc4 Nb6 27. Bxe6 Qxd4 28. Be3 Qxe5 1-0

[Event "Herne-ch 14th"]
[Site "Herne"]
[Date "2011.02.07"]
[Round "1"]
[White "Tenhagen, Hermann"]
[Black "Goeldenboog, Juergen"]
[Result "0-1"]
[WhiteElo "1538"]
[BlackElo "1990"]
[PlyCount "66"]
[EventDate "2011.02.07"]
[EventType "swiss"]
[EventRounds "7"]
[EventCountry "GER"]
[SourceTitle "EXT 2014"]
[Source "ChessBase"]
[SourceDate "2013.11.20"]
[SourceVersion "1"]
[SourceVersionDate "2013.11.20"]
[SourceQuality "1"]

1. e4 c6 2. d4 d5 3. exd5 cxd5 4. Nf3 Nc6 5. Be3 Nf6 6. h3 g6 7. c3 Bg7 8. Be2 0-0 9. Nbd2 Qd6 10. Nf1 Ne4 11. N1h2 a6 12. a4 e5 13. Bd3 exd4 14. Nxd4 Nxd4 15. Bxd4 Bxd4 16. Bxe4 Bxf2+ 17. Kxf2 Qc5+ 18. Qd4 Qxd4+ 19. cxd4 dxe4 20. Rac1 Bd7 21. a5 f5 22. g3 Bc6 23. Rhd1 Rad8 24. Nf1 Rd5 25. b4 Rfd8 26. Ke3 Ba4 27. Rd2 Bb5 28. Nh2 Bd3 29. g4 Rxd4 30. gxf5 gxf5 31. Rg2+ Kf7 32. Rcg1 Ke6 33. Rg7 R4d7 0-1

[Event "Ruhrgebiet VL2 0708"]
[Site "Germany"]
[Date "2008.04.06"]
[Round "8.4"]
[White "Goeldenboog, Juergen"]
[Black "Prass, Marian"]
[Result "1-0"]
[WhiteElo "1984"]
[BlackElo "1926"]
[PlyCount "119"]
[EventDate "2007.09.02"]
[EventType "team"]
[EventRounds "9"]
[EventCountry "GER"]
[SourceTitle "EXT 2009"]
[Source "ChessBase"]
[SourceDate "2008.11.26"]
[SourceVersion "1"]
[SourceVersionDate "2008.11.26"]
[SourceQuality "1"]
[WhiteTeam "Buer"]
[BlackTeam "Altenessen "]
[WhiteTeamCountry "GER"]
[BlackTeamCountry "GER"]

1. d4 Nf6 2. c4 g6 3. Nc3 d5 4. Nf3 Bg7 5. Qb3 dxc4 6. Qxc4 0-0 7. e4 c6 8. Be2 b6 9. e5 Nd5 10. Nxd5 cxd5 11. Qa4 Bb7 12. Bg5 f6 13. exf6 exf6 14. Bf4 Re8 15. Rc1 Ba6 16. Be3 Bxe2 17. Kxe2 Bh6 18. Rhe1 Bxe3 19. fxe3 Re6 20. Rc3 Nd7 21. Rec1 Qe7 22. Qb3 Rd6 23. Rc8+ Rxc8 24. Rxc8+ Nf8 25. Qb5 Rd7 26. Ne1 Kg7 27. Nd3 Ne6 28. Qb4 Qf7 29. g3 g5 30. g4 Nf8 31. Qe1 Ng6 32. Qg3 Qe7 33. a3 Nh4 34. Qb8 Ng6 35. Kd2 Nh4 36. Ne1 Kh6 37. Re8 Qf7 38. Qc8 Kg7 39. h3 Ng6 40. Nd3 Kh6 41. Rd8 Rxd8 42. Qxd8 Qe6 43. Nb4 Ne7 44. Qf8+ Kg6 45. Qe8+ Kh6 46. Nxd5 Qxd5 47. Qxe7 Qg2+ 48. Kd3 Qf1+ 49. Kc3 a5 50. Qe6 b5 51. Kc2 Kg7 52. Qe7+ Kg6 53. Qe4+ Kg7 54. d5 Qxh3 55. Qe7+ Kg6 56. Qe8+ Kg7 57. Qe7+ Kg6 58. Qe4+ Kg7 59. Qd4 Qg2+ 60. Kb3 1-0

[Event "Ruhrgebiet VL2 0708"]
[Site "Germany"]
[Date "2008.01.20"]
[Round "5.4"]
[White "Goeldenboog, Juergen"]
[Black "Schreiber, Alfred"]
[Result "1-0"]
[WhiteElo "1984"]
[BlackElo "1802"]
[PlyCount "91"]
[EventDate "2007.09.02"]
[EventType "team"]
[EventRounds "9"]
[EventCountry "GER"]
[SourceTitle "EXT 2009"]
[Source "ChessBase"]
[SourceDate "2008.11.26"]
[SourceVersion "1"]
[SourceVersionDate "2008.11.26"]
[SourceQuality "1"]
[WhiteTeam "Buer"]
[BlackTeam "Werne SK"]
[WhiteTeamCountry "GER"]
[BlackTeamCountry "GER"]

1. d4 Nf6 2. c4 g6 3. Nc3 d5 4. Nf3 Bg7 5. Qb3 dxc4 6. Qxc4 c6 7. e4 0-0 8. Be2 a5 9. e5 Nd5 10. Nxd5 Qxd5 11. Qxd5 cxd5 12. Bg5 f6 13. exf6 Bxf6 14. Rc1 Nc6 15. Bxf6 Rxf6 16. h3 Bf5 17. 0-0 Rd8 18. Rc3 Be4 19. Rd1 Rdf8 20. Rd2 Rf4 21. Rb3 e6 22. Rxb7 Bxf3 23. Bxf3 Nxd4 24. Bg4 Nf5 25. Bxf5 R8xf5 26. f3 Rf7 27. Rb6 Re7 28. Ra6 a4 29. Kf2 Kf7 30. Ke3 Rb4 31. a3 Rc4 32. Rd4 Rec7 33. Rxa4 Rxa4 34. Rxa4 Rc2 35. Ra7+ Kf6 36. b4 Rxg2 37. b5 Rb2 38. a4 Ke5 39. f4+ Kd6 40. Ra6+ Kc5 41. Rxe6 Rb3+ 42. Ke2 Rxh3 43. Rc6+ Kb4 44. b6 Kxa4 45. b7 Rb3 46. Ra6+ 1-0

[Event "Ruhrgebiet VL2 0708"]
[Site "Germany"]
[Date "2007.11.18"]
[Round "3.4"]
[White "Goeldenboog, Juergen"]
[Black "Sohlmann, Jan Henning"]
[Result "1/2-1/2"]
[WhiteElo "1984"]
[BlackElo "2004"]
[PlyCount "98"]
[EventDate "2007.09.02"]
[EventType "team"]
[EventRounds "9"]
[EventCountry "GER"]
[SourceTitle "EXT 2009"]
[Source "ChessBase"]
[SourceDate "2008.11.26"]
[SourceVersion "1"]
[SourceVersionDate "2008.11.26"]
[SourceQuality "1"]
[WhiteTeam "Buer"]
[BlackTeam "Welper SV"]
[WhiteTeamCountry "GER"]
[BlackTeamCountry "GER"]

1. d4 Nf6 2. c4 g6 3. g3 Bg7 4. Bg2 0-0 5. Nc3 d6 6. f4 Nbd7 7. e4 e5 8. fxe5 dxe5 9. d5 c5 10. Be3 Ne8 11. Qd2 Nd6 12. b3 a6 13. Na4 b6 14. Ne2 Qc7 15. Rc1 Nf6 16. Nec3 Ng4 17. 0-0 Nxe3 18. Qxe3 Bd7 19. Rc2 Rae8 20. Nb2 f5 21. Rcf2 Qd8 22. Nd3 h5 23. Ne2 Kh7 24. exf5 Bxf5 25. Qd2 e4 26. Rxf5 Nxf5 27. Ndf4 Nd4 28. h4 Qd6 29. Kh2 Nxe2 30. Qxe2 Be5 31. Nxh5 Rxf1 32. Qxf1 Rf8 33. Qe2 gxh5 34. Qxh5+ Kg8 35. Qg5+ Bg7 36. Bxe4 Qe5 37. Qg6 Rf6 38. Qh7+ Kf8 39. Kg2 Qb2+ 40. Bc2 Qd4 41. Qe4 Qf2+ 42. Kh3 Rf3 43. Qg6 Be5 44. Qh6+ Ke7 45. Qe6+ Kf8 46. Qxe5 Qxc2 47. Qh8+ Ke7 48. Qe5+ Kf8 49. Qh8+ Ke7 1/2-1/2

[Event "Herne op"]
[Site "Herne"]
[Date "2006.03.28"]
[Round "7.7"]
[White "Scheibe, Werner"]
[Black "Goeldenboog, Juergen"]
[Result "1-0"]
[WhiteElo "1898"]
[BlackElo "1994"]
[PlyCount "81"]
[EventDate "2006.02.06"]
[EventType "swiss"]
[EventRounds "7"]
[EventCountry "GER"]
[SourceTitle "EXT 2007"]
[Source "ChessBase"]
[SourceDate "2006.11.23"]
[SourceVersion "1"]
[SourceVersionDate "2006.11.23"]
[SourceQuality "1"]

1. e4 c6 2. d4 d5 3. exd5 cxd5 4. Bd3 Nc6 5. c3 Nf6 6. Bf4 g6 7. Nf3 Bg7 8. 0-0 Bf5 9. Ne5 Nxe5 10. Bxe5 Bxd3 11. Qxd3 0-0 12. Nd2 Qd7 13. f4 Nh5 14. f5 f6 15. Bg3 Nxg3 16. hxg3 gxf5 17. Rxf5 Rf7 18. Rh5 Bf8 19. Rf1 Rg7 20. Rf4 Rc8 21. Nf3 Qe8 22. Rfh4 Qf7 23. Nh2 Qe6 24. Ng4 Qe1+ 25. Kh2 Kf7 26. Rxd5 Qe6 27. Qf3 Ke8 28. Rdh5 Qc6 29. d5 Qd6 30. Rxh7 Rxh7 31. Rxh7 Rc5 32. Ne3 Qe5 33. Rh5 Qc7 34. c4 b5 35. b4 Rxc4 36. Nxc4 bxc4 37. Qc3 e6 38. dxe6 Bd6 39. Rh8+ Bf8 40. Qxf6 Qh7+ 41. Rxh7 1-0

[Event "Ruhrgebiet VL2 0405"]
[Site "Ruhrgebiet"]
[Date "2005.03.13"]
[Round "8.5"]
[White "Ozerov, Ilja"]
[Black "Goeldenboog, Juergen"]
[Result "1/2-1/2"]
[WhiteElo "1954"]
[BlackElo "1911"]
[PlyCount "45"]
[EventDate "2004.09.12"]
[EventType "team"]
[EventRounds "9"]
[EventCountry "GER"]
[SourceTitle "EXT 2006"]
[Source "ChessBase"]
[SourceDate "2005.11.24"]
[SourceVersion "1"]
[SourceVersionDate "2005.11.24"]
[SourceQuality "1"]
[WhiteTeam "Muelheim Nord III"]
[BlackTeam "Buer"]
[WhiteTeamCountry "GER"]
[BlackTeamCountry "GER"]

1. e4 c6 2. c4 d5 3. cxd5 cxd5 4. exd5 Qxd5 5. Nc3 Qa5 6. Nf3 Nf6 7. Bc4 e6 8. 0-0 Be7 9. d4 0-0 10. Qe2 Nc6 11. Rd1 a6 12. Ne5 Nb4 13. Ne4 b5 14. Bb3 Qb6 15. Nxf6+ Bxf6 16. Qg4 Rd8 17. Qh5 Bxe5 18. dxe5 Rxd1+ 19. Qxd1 Bb7 20. Be3 Qc6 21. f3 Nd5 22. Bxd5 Qxd5 23. Qxd5 1/2-1/2

[Event "Ruhrgebiet VL2 0405"]
[Site "Ruhrgebiet"]
[Date "2005.01.30"]
[Round "6.5"]
[White "Leveikina, Jevgenija"]
[Black "Goeldenboog, Juergen"]
[Result "0-1"]
[WhiteElo "1826"]
[BlackElo "1911"]
[PlyCount "156"]
[EventDate "2004.09.12"]
[EventType "team"]
[EventRounds "9"]
[EventCountry "GER"]
[SourceTitle "EXT 2006"]
[Source "ChessBase"]
[SourceDate "2005.11.24"]
[SourceVersion "1"]
[SourceVersionDate "2005.11.24"]
[SourceQuality "1"]
[WhiteTeam "Altstadt RE"]
[BlackTeam "Buer"]
[WhiteTeamCountry "GER"]
[BlackTeamCountry "GER"]

1. c4 Nf6 2. Nc3 g6 3. g3 Bg7 4. Bg2 0-0 5. Nf3 d6 6. 0-0 c6 7. d3 e5 8. Ne1 Be6 9. Nc2 a5 10. a3 Na6 11. Rb1 Qd7 12. Na4 Ra7 13. Be3 c5 14. Nc3 Bh3 15. b4 axb4 16. axb4 Bxg2 17. Kxg2 Ng4 18. b5 Nxe3+ 19. fxe3 Nb8 20. Nd5 f5 21. e4 Ra2 22. Nc3 Ra5 23. Ne3 f4 24. Ned5 h5 25. e3 fxg3 26. Rxf8+ Kxf8 27. Qf3+ Kg8 28. Qxg3 Kh7 29. Rf1 Ra3 30. Rf2 Qe6 31. Qg5 Nd7 32. Nc7 Qg4+ 33. Qxg4 hxg4 34. N7d5 Kg8 35. Ne7+ Kh7 36. Ned5 Kg8 37. Kg3 Bh6 38. Re2 Kf7 39. Kxg4 Nf6+ 40. Nxf6 Rxc3 41. Nd5 Rxd3 42. Rf2+ Kg7 43. Kf3 Ra3 44. Rc2 Bg5 45. Rg2 Kh6 46. Rc2 Kh5 47. Rg2 Ra1 48. Rc2 Rf1+ 49. Ke2 Rh1 50. Kd3 Ra1 51. Nc3 Bh4 52. Rg2 Be1 53. Nd5 Ra3+ 54. Ke2 Bh4 55. Kf3 Bd8 56. Rc2 g5 57. Kg3 g4 58. h3 Bh4+ 59. Kg2 g3 60. Kf3 Ra1 61. Kg2 Re1 62. Ra2 Rc1 63. Ra8 Rc2+ 64. Kg1 Bg5 65. Rh8+ Kg6 66. Rg8+ Kh6 67. Rh8+ Kg6 68. Rb8 Rxc4 69. Rxb7 Kh6 70. Rd7 Kh5 71. b6 Rc2 72. b7 Rb2 73. Rh7+ Bh6 74. Rd7 Bg5 75. Rh7+ Bh6 76. Rd7 c4 77. Nf6+ Kh4 78. Nd5 Kxh3 0-1

[Event "Ruhrgebiet VL2 0405"]
[Site "Ruhrgebiet"]
[Date "2004.10.10"]
[Round "2.5"]
[White "Marzioch, Wilfried"]
[Black "Goeldenboog, Juergen"]
[Result "1-0"]
[WhiteElo "1921"]
[BlackElo "1911"]
[PlyCount "99"]
[EventDate "2004.09.12"]
[EventType "team"]
[EventRounds "9"]
[EventCountry "GER"]
[SourceTitle "EXT 2006"]
[Source "ChessBase"]
[SourceDate "2005.11.24"]
[SourceVersion "1"]
[SourceVersionDate "2005.11.24"]
[SourceQuality "1"]
[WhiteTeam "Bochum Post"]
[BlackTeam "Buer"]
[WhiteTeamCountry "GER"]
[BlackTeamCountry "GER"]

1. c4 Nf6 2. Nc3 g6 3. g3 d5 4. cxd5 Nxd5 5. Bg2 c6 6. Nxd5 cxd5 7. Qb3 e6 8. Nf3 Nc6 9. 0-0 Qe7 10. d3 Bg7 11. Bd2 b6 12. Bc3 f6 13. Rac1 Bb7 14. Qa4 Kf7 15. Rc2 a6 16. Nd4 Rhc8 17. Nxc6 Bxc6 18. Qh4 g5 19. Qh5+ Kg8 20. Rfc1 Ba4 21. b3 Bd7 22. Qf3 Qa3 23. Qe3 Qd6 24. Bb2 Rxc2 25. Rxc2 Rc8 26. Rxc8+ Bxc8 27. Bd4 Qb4 28. Bh3 Qe1+ 29. Kg2 Kf7 30. Bxb6 h5 31. g4 Bb7 32. d4 h4 33. Qd3 Qc1 34. Bc5 Bc8 35. Bb4 Qf4 36. e3 Qc7 37. Qc3 Qb7 38. Qc5 f5 39. gxf5 exf5 40. Kg1 Be6 41. Bf1 f4 42. Be2 g4 43. Qd6 fxe3 44. fxe3 Bh6 45. Kf2 a5 46. Bc5 Qc8 47. Qe7+ Kg6 48. Qxh4 Bg5 49. Bd3+ Bf5 50. Qxg4 1-0

[Event "Gelsenkirchen-ch"]
[Site "Gelsenkirchen"]
[Date "2003.??.??"]
[Round "3"]
[White "Buschmann, Andreas"]
[Black "Goeldenboog, Juergen"]
[Result "1-0"]
[WhiteElo "2090"]
[BlackElo "2030"]
[PlyCount "99"]
[EventDate "2003.??.??"]
[EventType "swiss"]
[EventRounds "7"]
[EventCountry "GER"]
[SourceTitle "EXT 2007"]
[Source "ChessBase"]
[SourceDate "2006.11.23"]
[SourceVersion "1"]
[SourceVersionDate "2006.11.23"]
[SourceQuality "1"]

1. b3 Nf6 2. Bb2 g6 3. e3 Bg7 4. f4 d5 5. Nf3 c5 6. Be2 Nc6 7. 0-0 0-0 8. Ne5 Qc7 9. Nxc6 Qxc6 10. d3 a5 11. Be5 Nd7 12. Bxg7 Kxg7 13. Nd2 b5 14. Bf3 b4 15. Qe2 Bb7 16. Kh1 e5 17. e4 exf4 18. exd5 Qf6 19. Qf2 Qd4 20. Qxd4+ cxd4 21. d6 Bxf3 22. Nxf3 Rfc8 23. Nxd4 Ra6 24. Rxf4 Rxd6 25. a3 Rd5 26. axb4 axb4 27. h4 Ne5 28. Ra4 Nc6 29. Nxc6 Rxc6 30. Rc4 Re6 31. Raxb4 Re2 32. Rc7 Rf5 33. Rg4 h5 34. Rg3 Rf4 35. Rf3 Rxh4+ 36. Kg1 Rg4 37. Rcxf7+ Kh6 38. Rf2 Re1+ 39. Rf1 Re3 40. R7f3 Re2 41. R3f2 Re3 42. Rd1 h4 43. d4 h3 44. d5 Reg3 45. d6 Rh4 46. d7 hxg2 47. Rxg2 Rgh3 48. d8Q Rh1+ 49. Kf2 Rxd1 50. Qh8# 1-0